Music Quiz

Random Music or Lyrics Quiz

Lyrics: Jesus Is the One (I Got Depression) Quiz Stats

 Plays Quiz not verified by Sporcle

Support Sporcle.
Go Orange.
Score 0/300 Timer 15:00
0 Plays Today
Lyric % Correct
Jesus
100%
Jesus
100%
jesus
100%
Bitch
97.4%
you
97.4%
and
97.4%
on
97.4%
and
97.4%
on
97.4%
you
97.4%
a
97.4%
you
97.4%
the
97.4%
you
97.4%
the
97.4%
the
97.4%
and
97.4%
bitch
97.4%
you
97.4%
on
97.4%
a
97.4%
on
97.4%
bitch
97.4%
the
97.4%
the
97.4%
bitch
97.4%
the
97.4%
on
97.4%
the
97.4%
the
97.4%
and
97.4%
a
97.4%
and
97.4%
on
97.4%
and
97.4%
the
97.4%
on
97.4%
you
97.4%
the
97.4%
a
97.4%
and
97.4%
bitch
97.4%
the
97.4%
im'a
94.7%
my
94.7%
I'm
94.7%
my
94.7%
is
94.7%
White
94.7%
i'm
94.7%
I'm
94.7%
my
94.7%
my
94.7%
white
94.7%
I'm
94.7%
my
94.7%
I'm
94.7%
I'm
94.7%
my
94.7%
white
94.7%
my
94.7%
my
94.7%
I'm
94.7%
my
94.7%
my
94.7%
ain't
92.1%
ain't
92.1%
in
92.1%
ain't
92.1%
I
92.1%
ain't
92.1%
in
92.1%
If
89.5%
If
89.5%
it
89.5%
****
89.5%
****
89.5%
****
89.5%
if
89.5%
****
89.5%
do
89.5%
it
89.5%
****
89.5%
****
89.5%
****
89.5%
face
86.8%
this
86.8%
christ
86.8%
this
86.8%
Betty
86.8%
She
86.8%
she
86.8%
its
86.8%
how
86.8%
gon
86.8%
me
86.8%
got
86.8%
me
86.8%
of
86.8%
how
86.8%
Lyric % Correct
it's
86.8%
got
86.8%
it's
86.8%
got
86.8%
this
86.8%
got
86.8%
got
86.8%
an
86.8%
got
86.8%
got
86.8%
dust
86.8%
of
86.8%
this
86.8%
god
84.2%
that's
84.2%
god
84.2%
i
84.2%
one
84.2%
dead
84.2%
but
84.2%
cause
84.2%
I
84.2%
I
84.2%
cause
84.2%
that's
84.2%
I
84.2%
I
84.2%
I
84.2%
I
84.2%
I
84.2%
cause
84.2%
I
84.2%
depression
84.2%
cause
84.2%
I
84.2%
depression
84.2%
Cause
84.2%
I
84.2%
depression
84.2%
I
84.2%
I
84.2%
stab
81.6%
with
81.6%
yeah
81.6%
for
81.6%
coming
81.6%
up
81.6%
****
81.6%
yeah
81.6%
don't
81.6%
trust
81.6%
with
81.6%
off
81.6%
dip
81.6%
thousand
81.6%
dressing
81.6%
off
81.6%
bout
78.9%
christian
78.9%
bout
78.9%
free
78.9%
free
78.9%
four
78.9%
R
78.9%
P
78.9%
when
78.9%
real
78.9%
get
78.9%
island
78.9%
get
78.9%
doritos
78.9%
hit
76.3%
palestine
76.3%
die
76.3%
know
76.3%
not
76.3%
her
76.3%
show
76.3%
folks
76.3%
bitches
76.3%
balls
76.3%
know
76.3%
Ayy, shout-out mental illness, shout-out mental illness Dude, if you've got a mental illness Like, ****' turn up, dude, like, seriously, dude Like, whatever the **** you got goin' on, dude ****', you're medicated, you're not medicated, dude
76.3%
tip
76.3%
bag
76.3%
praise
73.7%
shoot
73.7%
praise
73.7%
tay
73.7%
score
73.7%
bars
73.7%
ago
73.7%
your
73.7%
let
73.7%
some
73.7%
money
73.7%
into
73.7%
into
73.7%
some
73.7%
money
73.7%
Lyric % Correct
to
73.7%
your
73.7%
suck
73.7%
ayy
71.1%
better
71.1%
or
71.1%
trap
71.1%
abraham
71.1%
lincoln
71.1%
16
71.1%
Ayy
71.1%
bills
71.1%
just
71.1%
iphone
71.1%
these
71.1%
these
71.1%
dusty
71.1%
glue
71.1%
bottom
71.1%
shoe
71.1%
these
71.1%
like
71.1%
nut
71.1%
owned
71.1%
dick
71.1%
I'ma
68.4%
I'ma
68.4%
game
68.4%
getting
68.4%
late
68.4%
at
68.4%
charge
68.4%
musty
68.4%
reeboks
68.4%
canceled
68.4%
at
68.4%
club
68.4%
delicious
68.4%
crash
68.4%
businesses
68.4%
I'ma
68.4%
I'ma
68.4%
old
68.4%
lord
65.8%
savior
65.8%
still
65.8%
crib
65.8%
armpit
65.8%
strip
65.8%
drink
65.8%
job
63.2%
lil
63.2%
paid
63.2%
Now
63.2%
christmas
63.2%
condom
63.2%
chevy
63.2%
Like, seriously, ****', bro, I put my ****'
63.2%
K
60.5%
k
60.5%
rhinestones
60.5%
from
60.5%
licks
60.5%
hook
60.5%
taxes
60.5%
arrested
60.5%
****
60.5%
put
60.5%
playin
57.9%
diamonds
57.9%
hitting
57.9%
learn
57.9%
Hell
55.3%
stealing
55.3%
year
55.3%
take
55.3%
spend
55.3%
lesson
55.3%
make
55.3%
ayy
52.6%
ayy
52.6%
woah
52.6%
Kenny
52.6%
Woah
52.6%
Kenny
52.6%
ayy
52.6%
round
52.6%
addictions
52.6%
wanna
52.6%
whip
52.6%
rob
52.6%
hold
47.4%
need
47.4%
then
44.7%
mama
44.7%
asked
42.1%
Everybody
36.8%
naw
34.2%
void
23.7%
deppression
13.2%

You're not logged in!

Compare scores with friends on all Sporcle quizzes.
OR
Log In

From the Vault

Black the Block: Music

by jrage2009

Despite the theme, you won't find any questions about Norwegian Black Metal in this quiz.
Remove Ads.
Support Sporcle.
Get the best of Sporcle when you Go Orange. This ad-free experience offers more features, more stats, and more fun while also helping to support Sporcle. Thank you for becoming a member.

Show Comments

Extras

Top Quizzes Today


Score Distribution

Your Account Isn't Verified!

In order to create a playlist on Sporcle, you need to verify the email address you used during registration. Go to your Sporcle Settings to finish the process.

Report this User

Report this user for behavior that violates our Community Guidelines.

Details: